| 000 | 00483nam a2200169 a 4500 | ||
|---|---|---|---|
| 005 | 20140310183323.0 | ||
| 008 | 060309s19uu xx 00 eng d | ||
| 020 | _a0445041609 | ||
| 050 |
_aPZ 7 _b.H983 1978 |
||
| 100 | _aHutter, Catherine | ||
| 245 |
_aThe affair of Nina B. Simmei / _ctranslated from the German by Catherine Hutter. |
||
| 260 |
_aNew York : _bPopular Library, _c1978. |
||
| 300 |
_a349 p. : _c18 cm. |
||
| 650 | _aFiction | ||
| 942 |
_cBK _2lcc |
||
| 999 |
_c21443 _d21443 |
||